Biological process engineering: an analogical approach to fluid flow, heat transfer, and mass transfer applied to biological systems

Guardat en:
Dades bibliogràfiques
Autor principal: Johnson, Arthur T (Autor)
Format: Llibre
Idioma:anglès
Publicat: Nueva York John Wiley 1999
Matèries:
Etiquetes: Afegir etiqueta
Sense etiquetes, Sigues el primer a etiquetar aquest registre!

MARC

LEADER 00000nam a2200000 a 4500
001 UCM0041
003 CL-VaPUC
008 020108e19990000US |||||||||||||||||eng|d
020 |a 047124547X 
082 0 4 |a 660.63  |b JOH  |2 21 
100 0 |a Johnson, Arthur T  |e author  |9 466658 
245 1 0 |a Biological process engineering: an analogical approach to fluid flow, heat transfer, and mass transfer applied to biological systems 
300 |a 732 p 
942 |c BK 
945 |d 20020108 00:00:00  |a cmena 
260 |a Nueva York  |b John Wiley  |c 1999 
650 0 |a Ingeniería bioquímica   |9 260241 
650 0 |a Transferencia de calor  |9 336631 
650 7 |a TRANSFERENCIA DE MASAS  |2 CL-VaPUC  |9 358347 
583 |a last modification  |c 20020108 00:00:00  |k Rodrigo Vera 
999 |c 299108  |d 299106 
952 |0 0  |1 0  |4 0  |6 660_630000000000000_JOH_1999  |7 0  |8 A  |9 355266  |a BIBING  |b BIBING  |d 2019-11-21  |i 3787877  |o 660.63 JOH 1999  |p 3787877  |r 2025-01-20  |w 2019-11-21  |y BK  |k EIB 
952 |0 0  |1 0  |4 0  |6 660_630000000000000_JOH_1999  |7 0  |8 A  |9 355267  |a BIBALI  |b BIBALI  |c GEN  |d 2019-11-21  |i 4100565  |o 660.63 JOH 1999  |p 4100565  |r 2025-01-20  |w 2019-11-21  |y BK  |k ALI